[Event "Northumbria Masters 2018"]
[Site "Newcastle upon Tyne"]
[Date "2018.02.18"]
[Round "8"]
[White "Hunt, Adam C"]
[Black "Macklin, Paul"]
[Result "1/2-1/2"]
[WhiteElo "2416"]
[BlackElo "2307"]
[Annotator "TA"]
[PlyCount "117"]
[EventDate "2018.??.??"]
[EventCountry "ENG"]
[SourceTitle "playchess.com"]
[Source "ChessBase"]
[SourceQuality "1"]

{[%evp 18,117,1,-35,-9,-9,-7,-13,0,0,90,83,90,82,103,77,73,77,78,79,66,67,73,74,75,59,110,-111,58,35,62,59,104,-245,80,-147,0,0,79,65,98,65,65,65,124,123,124,43,43,0,53,0,0,0,10,7,9,8,23,0,0,0,0,0,0,0,0,0,0,0,0,0,0,0,8,8,8,8,8,0,0,0,34,29,31,0,0,0,0,0,0,0,0,0,0,0,0,0,0,0,0,0]} 1. e4 g6 2. d4 Bg7 3. Nc3 c6 4. Nf3 d6 5. Be3 Nf6 6. h3 O-O 7. Qd2 Nbd7 8. O-O-O {B08: Pirc Defence: Classical System} (8. e5 dxe5 9. dxe5 Nd5 10. Nxd5 cxd5 11. Bh6 Nxe5 12. Nxe5 Bxe5 13. Bxf8 Kxf8 14. c3 Be6 15. Be2 Qb6 {1-0 (36) Saric,I (2669)-Mchedlishvili,M (2603) Riadh 2017}) 8... b5 9. Bd3 e5 10. Bh6 {LiveBook: 5 Games} Bb7 11. Bxg7 $146 ({Predecessor:} 11. Qg5 Bxh6 12. Qxh6 exd4 13. Nxd4 b4 14. Nce2 c5 15. Nf3 Bxe4 {½-½ (43) Kilpatrick,C (2321)-Vuilleumier,A (2339) Paris 2012}) 11... Kxg7 12. dxe5 dxe5 13. g4 {[%cal Bg2g4,Bg4g5][%mdl 32]} Qe7 (13... Qb6 $11 {remains equal.}) 14. g5 $16 Nh5 {[%cal Bf6h5,Bh5f4,Bf4g2][%mdl 32]} 15. Bxb5 $1 Rfd8 16. Bd3 Nc5 17. Qe3 Nf4 18. Bc4 Ng2 19. Qe2 Nf4 20. Qe1 Rxd1+ 21. Nxd1 Rd8 (21... Rh8 $14) 22. Nc3 $2 {[#]} (22. h4 $16) 22... Bc8 $2 (22... Rd3 $1 $17 {[%cal Rd3f3][%mdl 512]} 23. Nd2 (23. cxd3 Ncxd3+) 23... Rxh3 24. Rxh3 Nxh3) 23. h4 $1 $14 Bg4 24. Nd2 $1 Rd4 25. Rg1 $2 {[%mdl 8192] [#]} (25. Qe3 $16 {and life is bright.}) 25... Qd7 $2 (25... Rxc4 $1 $19 {[%mdl 512]} 26. Nxc4 Nfd3+ 27. cxd3 Nxd3+ 28. Kd2 Nxe1 29. Kxe1 Bc8) 26. f3 $2 {[#]} (26. Qe3 $16) 26... Be6 (26... Rxc4 $1 $17 {[%mdl 512]} 27. Qe3 (27. Nxc4 $2 {loses.} Nfd3+ 28. cxd3 Nxd3+ 29. Kc2 Nxe1+ 30. Rxe1 Bxf3 $19) 27... Be6 28. Nxc4 Qd4) 27. Bxe6 Qxe6 {[#]} (27... fxe6 $11 {keeps the balance.} 28. Qd1 Qb7) 28. Qf1 $1 $16 a5 29. Nb3 Nxb3+ 30. axb3 Rb4 {[#]} (30... Qd6 $14) 31. Qa6 $1 Qd6 32. Rd1 (32. Qxa5 $16 h6 33. gxh6+ Kxh6 34. Rg5) 32... Rd4 $14 33. Qf1 (33. Rh1 {keeps more tension.} Qc5 34. Qf1 Rd8 35. Qe1 Ng2 36. Na4) 33... Qc5 (33... Rxd1+ $11 34. Nxd1 Qd4) 34. Ne2 (34. Kb1 $14) 34... Rxd1+ $11 35. Kxd1 Qd6+ 36. Kc1 {next Nxf4 is good for White.} Ne6 37. Qe1 Qc5 38. Qg3 Qe3+ 39. Kd1 f6 40. Qg4 Kf7 {[%cal Rf6g5]} 41. gxf6 h5 42. Qg3 Kxf6 43. Qg2 g5 44. Qg3 gxh4 45. Qxh4+ Ng5 46. f4 exf4 47. Nxf4 Qd4+ 48. Kc1 Qg1+ 49. Kd2 Ke5 50. Nd3+ Ke6 51. Qf4 h4 $1 {The position is equal.} 52. Qf5+ Ke7 53. e5 {Threatens to win with Qf6+.} Qg2+ 54. Kc3 h3 55. Qf6+ Ke8 {White must now prevent ...Ne4+.} 56. Qh8+ Ke7 {And now ...Ne4+ would win.} 57. Qf6+ Ke8 {aiming for ...Ne4+.} 58. Qh8+ Ke7 {...Ne4+ is the strong threat.} 59. Qf6+ {Precision: White = 48%, Black = 46%.} 1/2-1/2

[Event "Northumbria Masters 2018"]
[Site "Newcastle upon Tyne"]
[Date "2018.02.18"]
[Round "8"]
[White "Haria, Ravi"]
[Black "Merry, Alan B"]
[Result "1-0"]
[WhiteElo "2376"]
[BlackElo "2438"]
[Annotator "TA"]
[PlyCount "132"]
[EventDate "2018.??.??"]
[EventCountry "ENG"]
[SourceTitle "playchess.com"]
[Source "ChessBase"]
[SourceQuality "1"]

{[%evp 14,132,39,34,39,21,35,6,27,22,17,10,7,18,20,18,34,33,25,-1,6,6,13,0,0,0,0,-4,35,37,36,37,68,58,63,47,54,30,34,15,20,10,8,9,17,16,25,1,1,0,33,32,38,33,45,0,0,0,4,2,35,0,0,0,0,0,5,0,0,0,0,0,0,0,176,176,169,169,169,175,176,165,174,172,158,162,166,166,173,152,162,148,132,122,121,110,116,114,358,328,329,330,466,454,452,419,220,220,410,410,388,320,2066,2018,2365,2147,1621,1488,12840,12840,12840]} 1. Nf3 Nf6 2. g3 g6 3. Bg2 Bg7 4. d4 O-O 5. c4 d6 6. Nc3 Nc6 7. O-O a6 8. Qc2 {LiveBook: 32 Games} Re8 {E63: King's Indian: Fianchetto: Panno Variation with 7...a6} (8... Rb8 9. Rd1 Bd7 10. e4 e5 11. d5 Ne7 12. c5 Ne8 13. b4 h6 14. a4 f5 15. Ba3 f4 16. b5 g5 17. b6 cxb6 18. cxd6 {1-0 (33) Socko,B (2593)-Sanal,V (2551) Riadh 2017}) 9. h3 Bd7 10. Rd1 $146 ({Predecessor:} 10. e4 e5 11. dxe5 dxe5 12. Be3 Qc8 13. Kh2 b5 14. Nd5 Nd4 15. Qd1 Nc6 16. Nd2 {½-½ (47) Kudr,R (1972)-Ustimenko,A (2089) LSS email 2013}) 10... e5 {The position is equal.} 11. dxe5 dxe5 12. Be3 Qc8 13. Kh2 Be6 14. Nd5 Nd7 15. Qd2 f6 16. b4 Nd8 17. Rac1 c6 18. Nb6 Nxb6 19. Bxb6 Nf7 20. Ne1 Re7 21. Nd3 Bh6 22. e3 Bf8 23. Nc5 f5 24. Bf1 e4 25. Nxe6 Qxe6 26. Bd4 Ne5 {[#] ...Nf3+ is the strong threat.} 27. Bxe5 Qxe5 28. c5 Bg7 29. Bc4+ Kf8 30. Qe2 Bf6 31. Rc2 Rae8 32. Kg2 Qc7 33. Bb3 Rd8 34. Qc4 {[%csl Gb3][%cal Rc4g8]} Kg7 35. Rcd2 Rxd2 36. Rxd2 Rd7 37. Rxd7+ Qxd7 38. h4 Kh6 39. Qg8 Bc3 40. Qf8+ Bg7 41. Qb8 {Intending Qf4+ and mate.} (41. Qd6 {looks sharper.} Qxd6 42. cxd6 Be5 43. d7 Bc7 44. Kh3) 41... Bc3 42. Qf4+ Kg7 43. h5 gxh5 $2 (43... Qe7 $11) 44. Qg5+ $18 Kf8 45. Qg8+ Ke7 {intending ...Kf6.} 46. Qxh7+ Kd8 47. Qxh5 Kc7 {[#]} 48. Qh6 $1 Kb8 49. Be6 Qd3 50. Qf4+ Ka7 51. Bxf5 Bxb4 52. Bxe4 Qc4 53. Bf3 Qxc5 54. Qf7 Qc2 55. Qb3 Qxb3 $2 (55... Qd2 $16 56. g4 Be7) 56. axb3 $16 {[%mdl 4096] Endgame KB-KB} Kb6 57. Be2 Bc3 (57... Kc7 {was worth a try.} 58. f4 b5) 58. f4 $18 Kc5 59. e4 a5 (59... b5 $142 60. g4 a5) 60. e5 b5 $2 (60... Kd5 61. Kf3 Ke6) 61. Bd1 Kd4 62. Kf3 Kd3 $2 (62... Kd5 63. g4 Ke6) 63. g4 {[%cal Bg3g4,Bg4g5][%mdl 32] White is clearly winning.} Bb4 64. g5 Bf8 65. g6 Kd4 66. e6 Kd5 {Precision: White = 57%, Black = 40%.} 1-0

[Event "Northumbria Masters 2018"]
[Site "Newcastle upon Tyne"]
[Date "2018.02.18"]
[Round "8"]
[White "Raetsky, Alexander"]
[Black "Nasuta, Grzegorz"]
[Result "1/2-1/2"]
[WhiteElo "2362"]
[BlackElo "2454"]
[Annotator "TA"]
[PlyCount "135"]
[EventDate "2018.??.??"]
[EventCountry "ENG"]
[SourceTitle "playchess.com"]
[Source "ChessBase"]
[SourceQuality "1"]

{[%evp 9,135,0,12,6,25,1,22,15,27,24,22,23,22,9,12,0,0,0,10,0,0,0,0,-2,0,-16,0,12,15,25,15,14,25,30,25,24,30,31,19,0,0,0,0,0,0,0,0,0,0,-53,-28,-47,-64,-82,-56,-48,-54,-70,-75,-103,-103,-144,-132,-139,-103,-103,-103,-198,-190,-194,-168,-321,-301,-316,-311,-322,-318,-314,0,-266,0,-278,-269,-384,-379,-395,-420,-470,-464,-453,-133,-273,-265,-345,-133,-126,-129,-540,-497,-503,-421,-554,-525,-574,-494,-392,-265,-253,-108,-227,-25,-48,-8,-8,-8,-8,-8,-8,-8,-8,-8,-8,-8,-8,-8,-8,0,-8]} 1. d4 d5 2. c4 c6 3. Nf3 Nf6 4. Qc2 dxc4 5. Qxc4 Bg4 6. Nc3 {D23: Queen's Gambit Accepted: 3 Nf3 Nf6 sidelines} (6. Nbd2 Nbd7 7. g3 e6 8. Bg2 Be7 9. O-O O-O 10. b3 Qa5 11. Bb2 Rac8 12. Rfd1 Rfd8 13. h3 Bh5 14. Qc1 {0-1 (56) Le,Q (2737)-Mamedov,R (2709) Riadh 2017}) 6... Nbd7 7. e4 e5 8. Nxe5 Nxe5 9. dxe5 Be6 10. Qa4 Ng4 11. Be2 Nxe5 12. O-O Bc5 13. Bf4 $146 ({Predecessor:} 13. Qc2 Qe7 {1-0 (41) Grigoryan,K (2473)-Grover,S (2514) Kocaeli 2011}) 13... Ng6 14. Rad1 Qe7 15. Bg3 O-O 16. Kh1 Rad8 17. h3 b5 18. Qc2 $1 Bd4 19. f4 {[#] Strongly threatening f5.} f5 20. Bd3 {[%cal Re4f5]} Qc5 21. exf5 Bxf5 22. Bxf5 Qxf5 23. Qxf5 Rxf5 24. Ne2 Bb6 25. Rxd8+ Bxd8 26. Nd4 Rf6 27. Rc1 Bb6 28. Nxc6 Nxf4 29. Ne5 ({Better is} 29. Bxf4 $11 Rxf4 30. Ne7+ Kf7 31. Nd5) 29... Ne2 $1 $15 {[%cal Re2c1]} 30. Rc8+ Rf8 31. Rxf8+ Kxf8 {[%mdl 4096] Endgame KBN-KBN} 32. Bh4 Ke8 33. g4 Nf4 34. Be1 Nxh3 35. Bd2 Nf2+ 36. Kg2 Ne4 37. Be1 Ke7 38. b3 (38. Nd3 $17) 38... Ke6 39. Nd3 Kd5 40. a4 $2 (40. Nf4+ {only move.} Kd4 41. Ne6+ Ke5 42. Kf3) 40... bxa4 $19 41. bxa4 a5 42. Nf4+ Ke5 43. Nd3+ Kd5 44. Nf4+ $1 Ke5 45. Nd3+ Kd6 46. Nf4 (46. Kf3 $142 Ng5+ 47. Kf4) 46... Nc5 47. Nh5 g6 48. Nf6 Nxa4 49. Nxh7 Ke7 $2 (49... Nc5 $19 50. Nf8 a4 51. Nxg6 Nd3) 50. Ng5 {[#]} (50. Kf3 $17) 50... Nc5 $1 51. Nf3 Nd3 $2 (51... Kd6 $19 {has better winning chances. Hoping for ...a4.} 52. Kf1 a4) 52. Bc3 $17 Ke6 {And now ...a4 would win.} 53. Nh4 $2 {[%mdl 8192]} (53. Kf1 $17 {nothing else works.}) 53... Ne5 54. Kg3 a4 55. Kf4 Nd3+ 56. Ke4 Nf2+ 57. Kf3 Kf7 58. Ng2 Nd1 (58... a3 $19 {and Black stays clearly on top. Threatens to win with ...a2.} 59. Ne1 Nd1) 59. Ba1 (59. Bb4 $17) 59... Ba5 $2 ({Black should play} 59... a3 $19 60. Ke2 Nb2) 60. Ke2 $1 $11 {[%cal Re2d1]} Bc3 (60... Nc3+ {looks sharper.} 61. Kd3 Nb5 62. Kc4 Na3+ 63. Kd3 Bd8) 61. Bxc3 {The position is equal.} Nxc3+ {KN-KN} 62. Kd3 Nd5 {aiming for ...Kf6.} 63. g5 a3 64. Kc2 Nb4+ (64... a2 $5 65. Kb2 $8 Ke6 $11) 65. Kb3 a2 66. Kb2 Kf8 67. Nf4 Kf7 68. Ka1 {Precision: White = 41%, Black = 55%.} 1/2-1/2

[Event "Northumbria Masters 2018"]
[Site "Newcastle upon Tyne"]
[Date "2018.02.18"]
[Round "8"]
[White "Berry, Neil"]
[Black "Tan, Justin"]
[Result "1-0"]
[WhiteElo "2267"]
[BlackElo "2479"]
[Annotator "TA"]
[PlyCount "129"]
[EventDate "2018.??.??"]
[EventCountry "ENG"]
[SourceTitle "playchess.com"]
[Source "ChessBase"]
[SourceQuality "1"]

{[%evp 18,129,4,0,0,0,0,-2,7,-7,0,-45,-47,-36,64,59,50,0,77,70,67,69,110,106,165,145,154,91,175,89,176,184,189,189,180,191,239,235,263,258,288,297,284,294,385,372,366,360,495,482,559,458,425,313,314,299,298,301,400,357,428,439,434,429,381,313,295,170,176,170,174,182,223,204,329,325,312,312,318,210,289,283,259,189,324,312,512,497,456,304,356,350,336,326,445,402,458,441,495,470,456,386,475,449,741,720,806,798,804,768,866,910,1317,1352]} 1. d4 Nf6 2. c4 e6 3. g3 d5 4. Nf3 Bb4+ 5. Bd2 Bd6 (5... Be7 6. Bg2 O-O 7. O-O Nbd7 8. Qc2 c6 9. Rc1 b6 10. cxd5 cxd5 11. Bf4 Bb7 12. Qb3 Rc8 13. Rxc8 Qxc8 14. Nc3 Nh5 15. Bg5 Bxg5 16. Nxg5 Qb8 {½-½ (36) Karjakin,S (2753)-Wei,Y (2743) Wijk aan Zee 2018}) 6. Nc3 {E01: Catalan: Early deviations} O-O 7. Bg2 dxc4 8. O-O c6 9. Bg5 Nbd7 10. Nd2 {LiveBook: 4 Games} Nb6 11. a4 a5 12. e3 {[%cal Be2e3,Be3e4][%mdl 32]} e5 $146 ({Find the theoretical novelty and annotate with similar games:} 12... h6 13. Bxf6 Qxf6 14. f4 Bb4 15. Qe2 c5 16. Nxc4 Nxc4 17. Qxc4 cxd4 18. exd4 {0-1 (30) Batsiashvili,N (2436)-Mammadova,G (2345) Batumi 2012}) 13. d5 cxd5 {White must now prevent ...Be7.} 14. Nxd5 (14. Bxf6 $5 Qxf6 15. Nxd5 Nxd5 16. Nxc4 $11) 14... Nbxd5 15. Bxd5 Be7 ({Black should try} 15... Bb4 $15 16. Ne4 Be6 17. Bxe6 (17. Bxb7 Qxd1 18. Rfxd1 Nxe4 $17) 17... Qxd1 18. Nxf6+ gxf6 19. Rfxd1 fxe6) 16. Bxf6 $1 $14 Bxf6 17. e4 {[#]} Qe7 (17... c3 $1 $11 {[%mdl 512] remains equal.} 18. bxc3 Rb8) 18. Nxc4 $16 Ra6 19. Qb3 Kh8 20. Qa3 Qb4 (20... Qd8 $16) 21. Rfd1 g6 22. Rd3 ({Better is} 22. Qxb4 axb4 23. a5) 22... Be6 (22... b6 $16) 23. b3 (23. Qxb4 $18 axb4 24. Bxb7) 23... Rd8 (23... Qxa3 $16 24. Rxa3 Rd8) 24. Qxb4 $18 axb4 {[#]} 25. Rad1 $1 Bg4 26. f3 ({And not} 26. Bxb7 Bxd1 27. Rxd8+ Bxd8 $14) 26... Bc8 27. Bxf7 Rf8 28. Bd5 Re8 29. Kg2 Re7 30. Ne3 Re8 31. Bc4 Ra8 32. Bb5 Re6 33. Nd5 Rb8 34. Rc1 Bg5 35. Rc4 Rd6 36. Rxb4 Be6 37. Bc4 Bg8 38. Rb6 Rdd8 39. h4 Bc1 40. a5 Bb2 41. a6 bxa6 {and the idea ...Rxb6 leaves Black hopeful.} 42. Rxb8 ({Resist} 42. Rxa6 Rbc8 $18) (42. Nf6 $142 Bxc4 43. Rxd8+ (43. bxc4 Bd4 $18) 43... Rxd8 44. bxc4) 42... Rxb8 43. Bxa6 Bd4 44. Bc4 Be6 45. Ne3 Bc8 (45... Bxe3 {might work better.} 46. Rxe3 (46. Bxe6 Bd4 $18) 46... Bxc4) 46. Nc2 Bb6 47. Rd6 Kg7 48. Kf1 Kf8 49. Rf6+ Ke8 50. Rf7 Ra8 (50... Rb7 $142) 51. Rxh7 Bh3+ $2 (51... Ra2 {keeps fighting.} 52. Rh8+ Ke7 53. Rxc8 Rxc2) 52. Ke2 Ra2 53. Bd3 Rb2 54. h5 gxh5 55. Rxh5 Be6 56. Rxe5 Kd7 57. Kd2 Rb1 58. Rb5 Bf2 59. f4 {[%cal Bf3f4,Bf4f5][%mdl 32]} Bxg3 60. f5 {White is clearly winning.} Bxb3 (60... Bf7 $142 61. e5 Bf4+ 62. Kc3 Rxb3+ 63. Rxb3 Bxe5+ 64. Kb4 Bxb3 65. Kxb3 Kd6) 61. Ne3 Rh1 62. Rxb3 Bf4 63. Bb5+ Kd6 64. Ke2 Ke5 65. Ng4+ {Precision: White = 67%, Black = 32%.} 1-0

[Event "Northumbria Masters 2018"]
[Site "Newcastle upon Tyne"]
[Date "2018.02.18"]
[Round "9"]
[White "Nasuta, Grzegorz"]
[Black "Gormally, Daniel W"]
[Result "0-1"]
[WhiteElo "2454"]
[BlackElo "2483"]
[Annotator "TA"]
[PlyCount "72"]
[EventDate "2018.??.??"]
[EventCountry "ENG"]
[SourceTitle "playchess.com"]
[Source "ChessBase"]
[SourceQuality "1"]

{[%evp 18,72,18,20,35,6,2,3,12,0,22,-27,0,0,3,-14,0,-54,-41,-42,-47,-55,-42,-45,-39,-70,-15,-13,-18,-36,-28,-35,-7,-28,-22,-26,-22,-26,-8,-8,-21,-4,-3,-17,-20,-13,-18,-282,-275,-365,-350,-402,-394,-954,-950,-840,-678]} 1. e4 c5 2. Nf3 d6 3. Bb5+ Nd7 4. O-O a6 5. Bd3 Ngf6 6. Re1 {B51: Sicilian: Moscow Variation (3 Bb5+) without 3...Bd7} g6 (6... e6 7. c3 b5 8. Bc2 c4 9. a4 Bb7 10. axb5 axb5 11. Rxa8 Qxa8 12. Na3 Bxe4 13. Bxe4 Nxe4 {0-1 (59) Amin,B (2693)-Vidit,S (2718) Wijk aan Zee 2018}) 7. c3 Bg7 8. Bc2 O-O 9. d4 cxd4 10. cxd4 {LiveBook: 5 Games} b5 11. Nc3 Bb7 12. a3 Rc8 13. Bg5 $146 h6 14. Bh4 e5 15. dxe5 dxe5 16. Bb3 Qc7 17. Bd5 (17. h3 $11) 17... Nxd5 $15 18. Nxd5 Bxd5 19. Qxd5 Nb6 20. Qd2 Qc2 21. Rad1 Na4 (21... Qxd2 $15 22. Rxd2 Nc4) 22. Re2 $11 Qxd2 23. Rexd2 f5 24. Be7 Rf7 25. Bd6 fxe4 26. Nxe5 Rf6 {[#] aiming for ...Nxb2!} 27. Bb4 a5 28. Rd8+ Rxd8 29. Rxd8+ Kh7 30. Bxa5 Ra6 31. Bc7 Nxb2 {White must now prevent ...b4.} 32. Rd7 $2 {[%mdl 8192] [#]} (32. g3 $11) 32... b4 $1 $19 {[%cal Rb4a3,Bb5b4,Bb4b3][%mdl 32]} 33. a4 Nxa4 {...Nb6 is the strong threat.} 34. h4 b3 35. Ng4 $2 (35. Nc4 Nc5 36. Re7) 35... Nc5 36. Re7 Kg8 {Precision: White = 28%, Black = 55%.} 0-1

[Event "Northumbria Masters 2018"]
[Site "Newcastle upon Tyne"]
[Date "2018.02.18"]
[Round "9"]
[White "Merry, Alan B"]
[Black "Lalic, Bogdan"]
[Result "1/2-1/2"]
[WhiteElo "2438"]
[BlackElo "2401"]
[Annotator "TA"]
[PlyCount "200"]
[EventDate "2018.??.??"]
[EventCountry "ENG"]
[SourceTitle "playchess.com"]
[Source "ChessBase"]
[SourceQuality "1"]

{[%evp 12,200,39,39,47,49,48,48,47,-6,31,0,51,0,13,8,12,0,20,-17,12,-28,40,33,43,0,87,78,83,94,90,83,88,37,46,22,22,22,85,93,95,22,22,28,102,94,85,89,108,115,120,116,133,77,85,89,85,58,133,137,129,129,157,150,145,141,141,142,139,153,142,150,147,143,146,95,109,85,79,37,41,37,114,111,85,8,8,7,7,0,0,0,0,0,0,0,0,0,8,8,7,7,8,7,25,20,72,72,72,72,72,72,72,72,72,72,72,28,28,32,72,12,18,0,72,0,18,0,72,14,27,21,68,68,72,72,72,72,72,72,72,72,72,68,622,622,622,615,637,615,622,622,593,545,4652,639,615,203,355,266,271,279,270,261,542,282,274,205,218,211,220,120,179,120,120,120,120,120,182,120,120,120,120,120,120,120,182,182,181,181,181]} 1. e4 c5 2. Nf3 d6 3. Bb5+ Nd7 4. c3 Ngf6 5. Bd3 b6 6. O-O {B51: Sicilian: Moscow Variation (3 Bb5+) without 3...Bd7} Bb7 7. Re1 {LiveBook: 6 Games} e5 $146 ({Predecessor:} 7... Rc8 8. Bc2 Qc7 9. Na3 e5 10. d4 cxd4 11. cxd4 Be7 12. b3 O-O {1-0 (38) Bologan,V (2615)-Ftacnik,L (2546) Heraklio 2017}) 8. Bc2 {White is slightly better.} Be7 9. d4 O-O 10. Nbd2 (10. d5 $14) 10... Qc7 11. Nf1 Rac8 (11... cxd4 $11 12. cxd4 Rfc8) 12. Bd3 (12. d5 $14) 12... Rfe8 (12... exd4 {feels hotter.} 13. cxd4 cxd4 14. Ng3 Ne5 15. Bf4 Ng6) 13. dxe5 Nxe5 14. Nxe5 dxe5 15. b3 Red8 {Strongly threatening ...Bxe4!} 16. Qe2 {[#]} Qd7 (16... c4 $1 $11 {[%mdl 512]} 17. bxc4 Qd7) 17. Bb5 $14 Bc6 18. a4 Bxb5 (18... c4 $1 $11) 19. axb5 $16 c4 20. bxc4 h6 21. f3 Rc7 22. Be3 (22. Ne3 $16) 22... Qd3 $14 23. Qxd3 Rxd3 24. Rec1 Rdd7 (24... Ne8 $1 $11 {remains equal.}) 25. Ra4 $16 Ne8 26. Kf2 (26. Rca1 $16) 26... Nd6 $11 27. Nd2 h5 (27... Bg5 $11) 28. Ke2 g6 29. Rb1 Ne8 30. Nb3 Nd6 31. Rd1 Rd8 32. Nd2 (32. c5 $142 $1 {[%cal Rc5d6]} Nxb5 33. Rxd8+ Bxd8 34. Rb4 Nxc3+ 35. Kd2) 32... f5 33. exf5 gxf5 34. f4 Bf6 (34... exf4 $1 $14 35. Bxf4 Rcd7) 35. fxe5 $16 Bxe5 36. Nf3 Bxc3 37. Bf4 $1 Re7+ 38. Kf1 Nf7 39. Rxd8+ Nxd8 40. Bg5 Rd7 41. Bxd8 $1 Rxd8 42. Rxa7 {[%mdl 4096] Endgame KRB-KRN} Bb4 43. Kf2 ({White should play} 43. Rc7) 43... Re8 44. Kg3 Re4 45. Rb7 Bc5 46. Nh4 Rxc4 (46... f4+ $14 47. Kf3 Rxc4) 47. Nxf5 Rb4 48. h4 ({White should try} 48. h3 $16) 48... Rxb5 $11 49. Kf4 Rb4+ $1 50. Ke5 Kh8 $1 51. Kf6 {Black must now prevent Nh6.} Rg4 52. g3 Bf2 53. Nh6 {Intending Nf7+ and mate.} Bd4+ (53... Rxg3 54. Nf7+ Kg8 55. Rb8+ Kh7 56. Rh8#) 54. Kf5 Rxg3 55. Nf7+ Kg8 56. Ng5 {Hoping for Rb8+.} Bc5 57. Kg6 Bf8 58. Kxh5 {next Kg6 is good for White.} Re3 (58... Rc3 $11) 59. Kg6 $1 $16 Re8 60. h5 (60. Rxb6 $6 Ra8 $18) 60... Be7 61. Nf7 {Threatening mate with h6.} Bf8 62. Rxb6 Re1 63. Ng5 Re8 64. Rb7 Be7 65. Ne6 {Threatens to win with Ng7.} Bf8 66. Kf6 (66. Nxf8 Rxf8 67. Rb6 Rf1 $16) (66. Rb6 $1 $16) 66... Rc8 67. Kg6 (67. Nxf8 $6 Rxf8+ 68. Kg6 Rf2 $16) ({Better is} 67. Nd4 $11) 67... Re8 68. Ng5 ({Don't play} 68. Nxf8 $6 Rxf8 69. Re7 Rf3 $16) (68. Rb6 $1 $16) 68... Be7 $1 $11 69. Ne6 (69. Ne4 $11) 69... Bf8 $1 $16 70. Nf4 (70. Nxf8 $6 Rxf8 71. Rb6 Rf1 $16) (70. Rb6 $1 $16) 70... Rd8 71. Kf6 {Ne6 is the strong threat.} (71. Kf5 {looks sharper.} Re8 72. Nd5 Bg7 73. Ne7+ Kf7 74. Nc8+) 71... Rd1 72. Ne6 Rf1+ 73. Kg6 Re1 74. Rb6 ({Don't do} 74. Nxf8 Rg1+ 75. Kh6 Kxf8 $18) 74... Re2 75. Ra6 (75. Nxf8 $6 Rg2+ 76. Kh6 Kxf8 $16) 75... Re1 76. Ng5 ({Resist} 76. Nxf8 $6 Rg1+ 77. Kh6 Kxf8 $18) 76... Re8 77. Nh7 {Nf6+ would kill now.} Bg7 $2 {[%mdl 8192]} (77... Kh8 $14 78. Ng5 Rb8) 78. h6 $18 {[%cal Bh5h6,Bh6h7][%mdl 32]} Bb2 79. Ng5 Rb8 80. Re6 Kf8 81. h7 Bh8 82. Rc6 Ra8 83. Nf7 (83. Rc7 $142 Ra6+ 84. Kf5 Ra5+ 85. Kg4 Ra4+ 86. Kh5) 83... Ba1 84. Nd6 $2 (84. Nh6) 84... Ke7 $2 (84... Ra2 {keeps fighting.} 85. Rc8+ Ke7 86. Nf5+ Kd7) 85. Nf5+ Kd7 86. Rd6+ Kc7 87. Re6 Bb2 $2 (87... Ra2 88. Re1 Rg2+ 89. Kf7 Bb2) 88. Re7+ Kc6 89. Rf7 Bh8 90. Ne3 Ra1 91. Ng4 (91. Rf1 $18) 91... Rg1 $16 92. Kg5 (92. Rf8 $1 $18 {[%cal Rf8h8]} Bb2 93. Kg5) 92... Kd6 93. Rf8 Ba1 94. Ra8 Bb2 {[#]} (94... Bc3 $16 {was called for.} 95. Ra3 Bh8) 95. Kf5 (95. Ra2 $1 $18 {[%cal Ra2b2]} Bc3 96. Ra3) 95... Rf1+ {[#]} 96. Kg6 $1 Rg1 97. Ra4 Ke6 98. Ra6+ Kd5 (98... Ke7 $16) 99. Kg5 $18 Bc3 100. Rg6 Bb2 {Precision: White = 48%, Black = 50%.} 1/2-1/2